000 00408nam a2200157Ia 4500
008 230312s9999||||xx |||||||||||||| ||und||
020 _a81-7758-204-6
082 _a338.1
_bDRU-A
100 _aDrummond H.Evan
245 0 _aAgricultural Economics
260 _bPearson Education
_aNew Delhi
_c2004
300 _a449
546 _aEng.
650 _aEconomics
_vFood Industry , Financial Markets
942 _cBK
999 _c2405
_d2405